00800pam a2200229 a 450000100060000000300080000600500170001400800410003102000170007203500190008904000320010804100110014008200270015110000190017824501020019726000370029930000410033650000330037750400640041065000550047465100410052927965BD-RjUL20211209051225.0140329s1990 nyuab b 001 0 eng d a0393027872 : a(BD-RjUL)28046 aDLCcDLCdDLCdBD-RjULbeng1 aengfre00a959.7043220bTOC 19901 aTodd, Olivier.10aCruel April :bthe fall of Saigon /cOlivier Todd ; translated from the French by Stephen Becker. aNew York :bW.W. Norton,cc1990. aviii, 470 p. :bill., maps ;c25 cm. aTranslation of: Cruel avril. aIncludes bibliographical references (p. 449-453) and index. 0aVietnam War, 1961-1975zVietnamzHo Chi Minh City. 0aHo Chi Minh City (Vietnam)xHistory.